Problematyka językowa w trzech monografiach regionalnych Gdańskiego Towarzystwa Naukowego
| Titel: | Problematyka językowa w trzech monografiach regionalnych Gdańskiego Towarzystwa Naukowego |
|---|---|
| Verfasser: | |
| In: |
Slavia Occidentalis, Band 38 (1981), Seite 151-156 alle Artikel anzeigen |
| Veröffentlicht: | 1981 |
| Format: | Aufsatz |
| Sprache: | Polnisch |
X
alg: 39481947
001A $01999:12-11-16
001B $01999:03-08-21 $t21:03:20.000
001C $06050:19-11-16 $t09:03:38.000
001D $01999:12-11-16
001U $0utf8
001X $00
002@ $0Aox
003@ $0394819470
007A $0394819470 $aHEB
007T $0Herdc0038712h
010@ $apol
011@ $a1981
021A $aProblematyka językowa w trzech monografiach regionalnych Gdańskiego Towarzystwa Naukowego
027A $aDie sprachwissenschaftliche Problematik in drei Regionalmonographien der Danziger Wissenschaftlichen Gesellschaft
028A $7126332266 $8Brocki, Zygmunt$Z1922-1982 [Tp1] $9156895722
031A $d38 $h151-156 $j1981
039B $aIn $8--Abvc--. Slavia Occidentalis. - Poznań : Wydawn. PTPN, 1921-. - ISSN 0081-0002 $x198100000380000849 $9047502010
039T $8--Aau--. Dolina dolnej Wisły. - Wrocław : Zakład Narodowy Imiena Ossolińskich {[u.a.], 1982. - 452 S.. - Ill., graph. Darst.. - ISBN 83-04-00699-5 $912416868X
045F $a900.94382 $eDDC23BSB
045F/01 $a900
045F/03 $g4382
045F/03 $g43832
045T $a8,1 $a7,41 $a7,39
046C $aDie sprachwissenschaftliche Problematik in drei Regionalmonographien der Danziger Wissenschaftlichen Gesellschaft $bÜbers. des Hauptsacht.
lok: 39481947 78
exp: 39481947 78 1 #EPN
201B/01 $018-11-16 $t12:50:18.000
201U/01 $0utf8
203@/01 $079111807X
208@/01 $a12-11-16 $be
209A/01 $a/ $f000 $x00
220C/01 $aTitelaufnehmer: kl
244Z/01 $2Trx $#Prusy Wschodnie i Zachodnie $8--Trx--Ost- und Westpreußen $x01 $939113373X
244Z/01 $2Trx $#keeleteadus $#kalbotyra $#Linguistics $#nyelvtudomány $#językoznawstwo $#jazykoveda $#jazykověda $#Linguistik $#lingvistika $8--Trx--Sprachwissenschaft $x02 $939137124X
244Z/01 $2Trx $#arvustused $#recenzijos $#Reviews $#recenziók $#recenzje $#recenzie $#recenze $8--Trx--Rezensionen $x03 $9391357441
247C/01 $82080>Marburg/Lahn, Herder-Institut, Forschungsbibliothek, Bibliographieportal $9336309341
| LEADER | 00000caa a22000002c 4500 | ||
|---|---|---|---|
| 001 | 394819470 | ||
| 003 | DE-603 | ||
| 005 | 20210803210320.0 | ||
| 007 | tu | ||
| 008 | 161112s1981 xx |||| | u00||u|pol c | ||
| 035 | |a (DE-599)HEB394819470 | ||
| 040 | |a DE-603 |b ger |c DE-603 |d DE-603 | ||
| 041 | |a pol | ||
| 082 | 0 | 4 | |8 1\u |a 900.94382 |q DE-101 |2 23/BSB |
| 084 | |a 8,1 |a 7,41 |a 7,39 |2 ssgn | ||
| 085 | |8 1\u |b 900 | ||
| 085 | |8 1\u |z 2 |s 4382 | ||
| 085 | |8 1\u |z 2 |s 43832 | ||
| 100 | 1 | |a Brocki, Zygmunt |d 1922-1982 |0 (DE-603)156895722 |0 (DE-588)126332266 |2 gnd | |
| 245 | 0 | 0 | |a Problematyka językowa w trzech monografiach regionalnych Gdańskiego Towarzystwa Naukowego |
| 246 | 1 | |i Übers. des Hauptsacht. |a Die sprachwissenschaftliche Problematik in drei Regionalmonographien der Danziger Wissenschaftlichen Gesellschaft | |
| 246 | 1 | 3 | |a Die sprachwissenschaftliche Problematik in drei Regionalmonographien der Danziger Wissenschaftlichen Gesellschaft |
| 264 | 0 | |c 1981 | |
| 773 | 0 | 8 | |i In |t Slavia Occidentalis |d Poznań : Wydawn. PTPN, 1921- |x 0081-0002 |g Band 38 (1981), Seite 151-156 |w (DE-603)047502010 |w (DE-600)339118-8 |
| 787 | 0 | 8 | |i Rezension von |t Dolina dolnej Wisły |d Wrocław : Zakład Narodowy Imiena Ossolińskich [u.a.], 1982 |h 452 S., Ill., graph. Darst. |z 8304006995 |w (DE-603)12416868X |
| 924 | 0 | |9 2080 |a (DE-603)79111807X |b DE-2080 |c HES |d d |g / | |


